000
00223nam a22000857a 4500
008
170620b xxu||||| |||| 00| 0 eng d
100
_9
3580
_a
Jones,S.L
245
_a
The JesusStory book Bible
260
_a
Michigan
_b
Zarar kidz
_c
2007
999
_c
6966
_d
6966